00914nam a2200217 a 450000500170000000800410001702000180005805000210007610000210009724500920011826000370021030000230024744000200027052001670029065000320045765000270048965000200051665000190053699900190055595201220057420140412111251.0000818s19uu xx 00 eng d a0-14-055487-4 aTR(PS EbI1 1996 aLondon, Jonathan aI See the moon and the moon sees me /cby Jonathan London ; illustrated by Peter Fiore. aNew York :bPuffin Books,c1996. a1 v. (unp.) ; ill. aPicture Puffins aAn expansion of the classic nursery rhyme into a text which captures a child's perfect day in the midst of mountains, trees, flowers, and other aspects of nature. aChildren's poetry, American aNature-Juvenile poetry aAmerican poetry aNursery Rhymes c103153d103153 00104050aELbELcTRd2000-08-18eLib. Fundg299.00l0oTR(PS E I1 1996pE3932r2014-04-12 00:00:00w2014-04-12yBK